| 000 | 00557nam a2200205 a 4500 | ||
|---|---|---|---|
| 001 | 14155 | ||
| 003 | CO-ViMGA | ||
| 008 | 141112s2004 ck r 000 u spa d | ||
| 020 | _a9586041999 | ||
| 040 |
_aCO-ViMGA _bspa _cCO-ViMGA |
||
| 082 | 0 | 4 | _aR342.861 C6561 |
| 100 | 1 |
_aOrtega T., Jorge _920693 |
|
| 110 |
_aColombia. Leyes, Decretos, etc. _91453 |
||
| 245 | 1 | 0 | _aConozcamos nuestra constitucion PolĂtica |
| 250 | _a3 | ||
| 260 |
_aBogotá : _bTemis, _c1987 |
||
| 300 | _a199 | ||
| 650 | 1 | 4 |
_aCOLOMBIANA - CONSTITUCION - 1886 _920694 |
| 942 |
_2ddc _cBK |
||
| 999 |
_c24854 _d24854 |
||